| 000 | 00372nam a2200121 4500 | ||
|---|---|---|---|
| 999 |
_c10568 _d10568 |
||
| 008 | 180906b ||||| |||| 00| 0 eng d | ||
| 100 |
_930963 _aRamirez, Jun |
||
| 245 |
_aBIR uses info tech to check taxpayers' statements/ _cJun Ramirez |
||
| 260 |
_aPhilippines _bManila Bulletin _cc2016 |
||
| 300 | _apage 4. | ||
| 650 | 0 |
_930964 _aInformation technology. |
|
| 942 |
_2ddc _cPER |
||